LEADER 01867oam 2200493 450 001 9910707238903321 005 20180914105739.0 035 $a(CKB)5470000002463120 035 $a(OCoLC)972901627 035 $a(OCoLC)995470000002463120 035 $a(EXLCZ)995470000002463120 100 $a20170217j201606 ua 0 101 0 $aeng 135 $aurmn||||a|||| 181 $2rdacontent 182 $2rdamedia 183 $2rdacarrier 200 10$aSafety evaluation of intersection conflict warning systems /$fScott Himes [and three others] 210 1$aMcLean, VA :$cU.S. Department of Transportation, Federal Highway Administration, Research, Development, and Technology, Turner-Fairbank Highway Research Center,$dJune 2016. 215 $a1 online resource (vii, 68 pages) $ccolor illustrations 300 $a"June 2016." 300 $a"FHWA-HRT-16-035." 320 $aIncludes bibliographical references (pages 67-68). 606 $aTraffic signs and signals$xEvaluation 606 $aIntelligent transportation systems 606 $aElectronic traffic controls 606 $aRoads$xInterchanges and intersections 606 $aAutomobiles$xCollision avoidance systems 615 0$aTraffic signs and signals$xEvaluation. 615 0$aIntelligent transportation systems. 615 0$aElectronic traffic controls. 615 0$aRoads$xInterchanges and intersections. 615 0$aAutomobiles$xCollision avoidance systems. 700 $aHimes$b Scott$01407581 712 02$aTurner-Fairbank Highway Research Center, 712 02$aUnited States.$bFederal Highway Administration, 712 02$aVanasse Hangen Brustlin. 801 0$bGPO 801 1$bGPO 801 2$bGPO 906 $aBOOK 912 $a9910707238903321 996 $aSafety evaluation of intersection conflict warning systems$93489413 997 $aUNINA